000 00813cab a2200265 4500
001 ABS44032
008 090401t1991 xxu||||| |||| 00| 0 eng d
035 _a(Sirsi) u44931
041 _aeng
100 _aBar-Hillel, Mira
245 _aBritain`s town planners call for partnerships to help inner-cities
260 _c1991
350 _a0
490 _aChartered Surveyor Weekly
_v34(4) 31 January 1991, 48(1)
520 _aSummarises key points made by a recent RTPI report, Caring for cities, which examined the vital role of town planning in urban renewal.
650 _aINNER CITIES
650 _aJOINT VENTURES
650 _aLOCAL AUTHORITIES
650 _aPARTNERSHIPS
650 _aPLANNING
650 _aPRIVATE SECTOR
690 _aURBAN RENEWAL
942 _n0
948 _c04/03/1997
999 _c28557
_d28557